000 00666cam a2200253 4500
008 090401t1998 xxu||||| |||| 00| 0 eng d
020 _a1860127932
035 _a(Sirsi) u85902
041 _aeng
050 _a346.4102
100 _aKoffman, Laurence
245 4 _aThe law of contract.
250 _a3rd ed.
260 _aCroydon, Surrey
_bTolley Publishing Company Limited
_c1998
300 _axxxviii,558p. ; 24cm.
350 _a27
520 _aSuperceded by the fourth edition. ISBN: 0754512762
650 _aCONTRACT LAW
650 _aContracts
_96232
690 _aLAW
700 _aMacdonald, Elizabeth
942 _n0
948 _c29/04/1998
999 _c97082
_d97082